| 000 | 00506nam a22001577a 4500 | ||
|---|---|---|---|
| 020 | _a978-0-439944-52-6 | ||
| 082 |
_a823 _bARN/E |
||
| 100 | _aARNOLD,NICK | ||
| 245 |
_aHORRIBLE SCIENCE: EVIL INVENTIONS _bHORRIBLE STORIES: EVIL INVENTIONS |
||
| 246 |
_aHORRIBLE SCIENCE: EVIL INVENTIONS _bHIRRIBLE STORIES: EVIL INVENTIONS |
||
| 260 |
_aUK _bSCHOLASTIC HILDREN'S BOOKS _c1996 |
||
| 300 | _a141 | ||
| 520 | _aHORRIBLE SCIENCE- HORRIBLE STORIES | ||
| 650 | _aHORRIBLE SCIENCE- HORRIBLE STORIES | ||
| 942 | _cBK | ||
| 999 |
_c2113 _d2113 |
||